000 00488 a2200181 4500
005 20250527120924.0
008 250527b |||||||| |||| 00| 0 eng d
020 _a9788119613007
_cRs. 525.00
040 _aMAIN
082 _a615.19
_bK314T
100 _aKemisetti, Durga Prasad
245 _aText book of medicinal chemistry-I
260 _bIP Innovative Publication
_c2024
_aNew Delhi
300 _axii, 242
650 _aPharmacy
650 _aMedicinal Chemistry
942 _cBK
999 _c360926
_d360926